000 04615namaa22004211i 4500
003 OSt
005 20260419141327.0
008 250827s2025 ua a|||frm||| 000 0 eng d
040 _aEG-GICUC
_bara
_cEG-GICUC
_dEG-GICUC
_erda
041 0 _aara
_bara
_beng
049 _aإيداع
082 0 4 _a658.562
092 _a658.562
_221
097 _aمــــاجستير
099 _aCai01.18.06.M.Sc.2025.أح.أ
100 0 _a،أحمد سمير عبد الله عبد الله
_eإعداد.
245 1 0 _aأثر تطبيق منهجية ستة سيجما علي تحسين اداء المؤسسات الصناعية :
_bدراسة حالة /
_cإعداد أحمد سمير عبد الله عبد الله؛ إشراف أ.د عبد الله محمد عبد الفتاح، د/ألفت عفيفي.
246 1 5 _aThe impact of applying six sigma methodology on improving the performance of industrial institutions :
_bCase study /
264 0 _c2025.
300 _a144 ورقة :
_bإيضاحيات ؛
_c30 سم. +
_eCD.
336 _atext
_2rda content
337 _aUnmediated
_2rdamedia
338 _avolume
_2rdacarrier
502 _aأطروحة (ماجستير)-جامعة القاهرة، 2025.
504 _aببليوجرافيا: صفحات 138-140.
520 _aيركز السوق التنافسي في الوقت الحالي على الجهود الصناعية لإنتاج منتجات عالية الجودة بأقل تكلفة ممكنة. حيث تعتمد معظم أنظمة التصنيع الحديثة على نماذج الإدخال والإخراج. يتلقى النظام المدخلات على مادة أولية وعمليات وإشارات وما إلى ذلك ، ويحولها إلى المنتج الن هائي. تعتمد جودة المنتج النهائي وتكلفته على العوامل التي تؤثر على النظام أثناء المعالجة الإجمالية الهدف النهائي. لهذه المعالجة الكاملة هو إنشاء منتج موثوق للغاية وفعال من حيث التكلفة للحصول على الربحية والبقاء في المنافسة من خلال النمو السريع للمبيعات.يهدف البحث إلى التعرف على مدى توافر متطلبات تطبيق منهجية ستة سيجما في احد الشركات لانتاج المواد البلاستيكية للتعبئة والتغليف من خلال التعرف على مدى إد ا رك العاملين لأهمية تطبيق منهجية ستة سيجما لانها منهجية جيدة التنظيم تساعد الشركا ت على تحقيق الهدف المتوقع من خلال التحسين المستمر للمشروع وتقليل الفاقد.
520 _aThe competitive market of today is characterized by a strong focus on manufacturing high-quality products at the lowest possible cost. To achieve this, most modern manufacturing systems rely on input-output models. These systems receive raw materials, processes, signals, and other inputs and transform them into the final product. The quality and cost of the final product depend on the factors that influence the system during the overall processing. The ultimate goal of this entire process is to create a highly reliable and cost-effective product to ensure profitability and stay ahead of the competition through rapid sales growth. This research aims to investigate the extent to which the requirements for implementing the Six Sigma methodology are available in a plastic packaging manufacturing company. This will be done by assessing the awareness of employees of the importance of Six Sigma and its potential to achieve the expected goals through continuous project improvement and waste reduction.
530 _aصدر أيضًا كقرص مدمج.
546 _aالنص بالعربية والملخص باللغة الإنجليزية والعربية.
650 7 _aضبط الجودة
_2qrmak
653 0 _aمنهجية الستة سيجما
_aاهمية واهداف الستة سيجما
700 0 _aعبد الله محمد عبد الفتاح
_eمشرف أطروحة.
700 0 _aألفت عفيفي
_eمشرف أطروحة.
900 _b08-02-2025
_cعبد الله محمد عبد الفتاح
_cألفت عفيفي
_Uجامعة القاهرة
_Fكلية الدراسات العليا للبحوث الاحصائية
_Dقسم الضبط الاحصائى وتوكيد الجودة
905 _aSara
_eAfaf
942 _2ddc
_cTH
_e21
_n0
999 _c179304